000 00695nam a22002297a 4500
003 UA-OsUOA
001 34866
007 ta
008 20051027b un ||||| |||| 00| 0 ukr d
090 _a349.4(477)
_bЗ-51
942 _cBK
040 _aUA-OsUOA
_bukr
_cUA-OsUOA
_dUA-OsUOA
245 _aЗемельне право України
_bпідручник
_cза ред. О. О. Погрібного
300 _a448 с.
955 _a2
041 _aukr
080 _a349.4(477)
020 _a966-7613-36-4
260 _aК.
_bІстина
_c2003
650 7 _a349.4 Земельне право. Право планування населенних пунктів
_2UDC
999 _c321259
_d321259